Carregant...

Threranjedutha Prabandhangal : N E Balaram/

Dades bibliogràfiques
Autor principal: Balaram N E
Altres autors: Mohandas Vallikkavu (ed.)
Format: Printed Book
Publicat: Thrissur: Kerala Sahitya Akademi, 2009.
Matèries:
LEADER 00635nam a22001817a 4500
020 |a 817690189X 
082 |a M4  |b BAL/T 
100 |a Balaram N E  |9 54463 
245 |a Threranjedutha Prabandhangal :  |b N E Balaram/  |c by Balaram N E 
260 |a Thrissur:  |b Kerala Sahitya Akademi,  |c 2009. 
300 |a 296p. 
650 |a Essays Malayalam  |9 54464 
650 |a Literature Malayalam  |9 54465 
650 |a Literature  |9 54466 
700 |a Mohandas Vallikkavu (ed.)  |9 54467 
942 |c BK 
999 |c 137783  |d 137783 
952 |0 0  |1 0  |4 0  |6 M_4_000000000000000_BAL_T  |7 0  |9 95099  |a SSUS  |b SSUS  |c STACKS  |d 2018-06-28  |g 180.00  |o M4 BAL/T  |p 090971  |r 2018-06-28  |w 2018-06-28  |y BK